Diseño de un semáforo solar

Presenta el diseño de un semáforo alimentado por energía fotovoltaica, se determina la carga y el flujo de energía utilizados en el semáforo y los Watts del panel fotovoltaico, baterías y accesorios que se utilizan en el sistema.

Bibliographic Details
Main Author: Dinarte Mendoza, Tony Ramón
Other Authors: Tutor: Blandino Rayo, César Alejandro
Format: Tesis Section = Libro
Language:Undetermined
Spanish
Published: Managua UNI 2010
Subjects:
LEADER 00978nam a2200241Ia 4500
008 240830s9999 xx 000 0 und d
040 |a BIBLIOTECA-RUPAP Mon 333.7923 D583 
041 |a spa 
082 |a Mon 333.7923 D583 
100 1 |a Dinarte Mendoza, Tony Ramón 
245 1 0 |a Diseño de un semáforo solar 
260 |a Managua  |b UNI  |c 2010 
300 |a 136 p. :il. 
500 |a Contiene: anexos y CD. 
502 |a Tesis (Ingeniero Mecánico)- UNI, 2010. 
520 3 |a Presenta el diseño de un semáforo alimentado por energía fotovoltaica, se determina la carga y el flujo de energía utilizados en el semáforo y los Watts del panel fotovoltaico, baterías y accesorios que se utilizan en el sistema. 
650 7 |a ENERGÍA SOLAR - DISPOSITIVOS DE SEÑALIZACIÓN 
650 7 |b COLECTORES SOLARES 
650 7 |c REGULACIÓN ELECTRÓNICA DEL TRANSITO 
700 1 |a Tutor:  |b Blandino Rayo, César Alejandro 
942 |c BK  |2 ddc 
991 |a TESIS 
999 |c 15412